Bundeskanzler der Republik Österreich - Statistiken

Allgemein
  • Dieses Quiz wurde 106 mal gespielt
  • Das Durchschnittsergebnis liegt bei 9 aus 14
Antwortstatistiken
Bildquiz Antwort % Korrekt
Sebastian Kurz
97%
Christian Kern
88%
Bruno Kreisky
83%
Werner Faymann
79%
Wolfgang Schüssel
79%
Alfred Gusenbauer
72%
Leopold Figl
71%
Karl Renner
67%
Franz Vranitzky
60%
Viktor Klima
58%
Fred Sinowatz
51%
Julius Raab
49%
Josef Klaus
40%
Alfons Gorbach
32%
Keine übereinstimmenden Quizze gefunden
Verteilung der Resultate
Anzahl Personen mit jedem Resultat
Perzentil nach korrekt beantworteten Fragen
Ihre Resultats-Entwicklung
Sie haben dieses Quiz noch nicht gespielt